000 00923nam a2200277Ia 4500
001 u23111
003 SIRSI
005 20180219123754.0
007 he|amb|||bacu
008 011113s1992 ua a bb 000 0 eng d
039 9 _a200208130938
_bsaid
_y200203190956
_zload
040 _aEAL
090 _aThesis
_bS-4199
100 1 _aMohamed, Omar Radi.
245 1 0 _aChemical and technological studies on some vegetable protein blends
_h[microform] /
_cby Omar Radi Mohamed.
260 _c1992.
300 _a165, 3 leaves :
_bill. ;
_c30 cm.
502 _aThesis (M.S.)--Menoufia University, 1992.
504 _aIncludes bibliographical references (leaves 140-165)
533 _aMicrofiche.
_bASUNET,
_cAin Shams University,
_e3 microfiches : negative.
546 _aSummary in Arabic.
596 _a1
650 0 _aProteins.
650 0 _aFood technology.
942 _cMIC
_2lcc
999 _c3599
_d3599